Đang tải...

Elecrical systems design/

Chi tiết về thư mục
Tác giả chính: Giridharan, M K.
Định dạng: Printed Book
Được phát hành: New Delhi: I.K International Publishing House Pvvt. Ltd., 2010
Những chủ đề:
Truy cập trực tuyến:http://books.google.co.in/books?id=Tt6G60zZF3cC&printsec=frontcover&source=gbs_ge_summary_r&cad=0#v=onepage&q&f=false
LEADER 00849 a2200193 4500
020 |a 9789380578057 
082 |a 621.319 24  |b Q0 
100 |a Giridharan, M K.  |9 8486 
245 |a Elecrical systems design/  |c M K Giridharan. 
260 |a New Delhi:  |b I.K International Publishing House Pvvt. Ltd.,   |c 2010 
300 |a xx, 368p. 
504 |a Includes bibliographical references and index. 
650 |a Buildings-Electric equipment.  |9 8487 
650 |a Buildings-Electric equipment-Design.  |9 8488 
650 |a Electric power systems.  |9 4189 
856 |u http://books.google.co.in/books?id=Tt6G60zZF3cC&printsec=frontcover&source=gbs_ge_summary_r&cad=0#v=onepage&q&f=false 
942 |c BK 
999 |c 61046  |d 61046 
952 |0 0  |1 0  |4 0  |6 621_319000000000000_24_Q0  |7 0  |9 52827  |a MGUL  |b MGUL  |c GEN  |d 2013-10-05  |e Rs.995.00  |l 1  |o 621.319 24 Q0  |p 49900  |r 2014-11-18  |s 2014-10-30  |y BK